[Event "North Island-ch"]
[Site "Wellington"]
[Date "2021.04.05"]
[Round "7"]
[White "Perrin, Brent"]
[Black "Gan, Emily Cathay"]
[Result "1-0"]
[WhiteElo "1782"]
[BlackElo "1214"]
[PlyCount "67"]
[EventDate "2021.04.02"]
[EventType "swiss"]
[EventRounds "8"]
[EventCountry "NZL"]
[SourceTitle "EXT 2024"]
[Source "ChessBase"]
[SourceDate "2023.10.10"]
[SourceVersion "1"]
[SourceVersionDate "2023.10.10"]
[SourceQuality "1"]

1. e4 g6 2. f4 Bg7 3. Nf3 c5 4. Bc4 Nc6 5. 0-0 d6 6. Nc3 a6 7. d3 e6 8. f5 b5 9. fxe6 fxe6 10. Bb3 Nd4 11. Nxd4 Bxd4+ 12. Kh1 Nf6 13. Bh6 Qe7 14. Qf3 Kd7 15. e5 Nd5 16. Nxd5 exd5 17. exd6 Qxd6 18. Qf7+ Kc6 19. c3 Be5 20. Rae1 Be6 21. Qf3 Rae8 22. d4 cxd4 23. cxd4 Bxd4 24. Bf4 Qd8 25. Rc1+ Kb7 26. Rc7+ Ka8 27. Rfc1 Bb6 28. Qc3 Bxc7 29. Qc6+ Ka7 30. Bxc7 Qxc7 31. Qxc7+ Ka8 32. Qc6+ Ka7 33. Bxd5 Bxd5 34. Qxd5 1-0

[Event "North Island-ch"]
[Site "Wellington"]
[Date "2021.04.04"]
[Round "6"]
[White "Carroll, Lewis"]
[Black "Gan, Emily Cathay"]
[Result "0-1"]
[WhiteElo "1493"]
[BlackElo "1214"]
[PlyCount "50"]
[EventDate "2021.04.02"]
[EventType "swiss"]
[EventRounds "8"]
[EventCountry "NZL"]
[SourceTitle "EXT 2024"]
[Source "ChessBase"]
[SourceDate "2023.10.10"]
[SourceVersion "1"]
[SourceVersionDate "2023.10.10"]
[SourceQuality "1"]

1. Nc3 Nf6 2. b4 g6 3. Nf3 Bg7 4. Bb2 0-0 5. Rb1 a6 6. e4 Nc6 7. e5 Ne8 8. d4 Nxb4 9. d5 a5 10. a3 Na6 11. Ne4 d6 12. exd6 Nxd6 13. Bxg7 Kxg7 14. Qd4+ f6 15. Nxd6 Qxd6 16. h4 h5 17. Bd3 Re8 18. c4 Qxa3 19. Nh2 e5 20. Qe3 Nb4 21. Rd1 Qc3+ 22. Kf1 Nxd3 23. Rxd3 Qxc4 24. g4 e4 25. Qe2 Qxd3 0-1

[Event "North Island-ch"]
[Site "Wellington"]
[Date "2021.04.04"]
[Round "5"]
[White "Gan, Emily Cathay"]
[Black "Wang, Aaron Ziwen"]
[Result "0-1"]
[WhiteElo "1214"]
[BlackElo "1635"]
[PlyCount "52"]
[EventDate "2021.04.02"]
[EventType "swiss"]
[EventRounds "8"]
[EventCountry "NZL"]
[SourceTitle "EXT 2024"]
[Source "ChessBase"]
[SourceDate "2023.10.10"]
[SourceVersion "1"]
[SourceVersionDate "2023.10.10"]
[SourceQuality "1"]

1. c4 e5 2. Nc3 Nc6 3. g3 Bc5 4. Bg2 d6 5. Nf3 Nf6 6. d3 Nd4 7. 0-0 c6 8. e3 Nxf3+ 9. Bxf3 Bh3 10. Bg2 Qd7 11. d4 Bb6 12. Qd3 h5 13. dxe5 dxe5 14. Qxd7+ Bxd7 15. h4 0-0-0 16. Bf3 Be6 17. b3 Ba5 18. Bb2 Rd2 19. Nd1 Bh3 20. Bg2 Bxg2 21. Kxg2 Ng4 22. Kh3 Rhd8 23. Kg2 Nxe3+ 24. Nxe3 Rxb2 25. Kg1 Bb6 26. Rfe1 Rdd2 0-1